| 000 | 00390nam a2200145Ia 4500 | ||
|---|---|---|---|
| 008 | 210716s2000 xx 000 0 und d | ||
| 020 | _a8176354295 | ||
| 041 | _aeng | ||
| 082 | _a004.604 ADOB | ||
| 245 |
_aAdobe photoshop 5.5: classroom in a book. _bClassroom in a book. |
||
| 250 | _a1 | ||
| 260 |
_aNew Delhi _bTechmedia _c2000 |
||
| 300 | _ax,537 | ||
| 650 | _aWeb Design & Development | ||
| 999 |
_c184822 _d184822 |
||